000 00963cab a2200241 4500
001 WB3128-07
008 090401t1995 xxu||||| |||| 00| 0 eng d
035 _a(Sirsi) u35348
041 _aeng
245 _aDuty of care
260 _c1995
350 _a0
490 _aEstates Gazette Case Summaries
_v1995 EGCS 122 (15/7/95)
520 _a"Clarke v Smith" CA 4 July 1995. CC`s decision upheld on the grounds that on oral evidence and an expert`s report the foundations of an extension were too shallow and therefore the defendant was in breach of contract for poor standard of workmanship and for failing to fulfil duty of care obligations.
650 _aBREACH OF CONTRACT
650 _aCONTRACTORS
650 _aDUTY OF CARE
650 _aBUILT ENVIRONMENT-BUILDING ELEMENTS-COMPLETE BUILDING ELEMENTS-FOUNDATIONS
650 _aPOOR STANDARD OF WORKMANSHIP
690 _aBUILDING AND CONSTRUCTION-CASE LAW
942 _n0
948 _c04/03/1997
999 _c23155
_d23155